2020 International Conference on Nuclear Engineering collocated with the ASME 2020 Power Conference: Volume 2: Nuclear Policy; Nuclear Safety, Security, and Cyber Security; Operating Plant Experience; Probabilistic Risk Assessments; SMR and Advanced Reactors

Detalles Bibliográficos
Formato: Electrónico Revista
Idioma:English
Publicado: ASME
Acceso en liña:Full text available on ASME[2020-2020]
Off-campus access
LEADER 01154cas a2200181 a 4500
001 AALConferenceProceedingsASME000163
008 230101c9999 xx r poo 0 0eng d
020 |a 978-0-7918-8377-8 
040 |a BD-DhAAL  |c BD-DhAAL 
245 0 0 |h [electronic resource]  |a 2020 International Conference on Nuclear Engineering collocated with the ASME 2020 Power Conference: Volume 2: Nuclear Policy; Nuclear Safety, Security, and Cyber Security; Operating Plant Experience; Probabilistic Risk Assessments; SMR and Advanced Reactors  
260 |b ASME 
300 |a 1 online resource 
500 |a <strong>Off-Campus Access:</strong> Athens ID and Password Required 
500 |a <strong>On-Campus Access:</strong> No User ID or Password Required 
506 |a Electronic access restricted to authorized BRAC University faculty, staff and students 
538 |a Mode of access: Internet 
856 4 0 |z Full text available on ASME[2020-2020]  |u https://asmedigitalcollection.asme.org/ICONE/ICONE2020/volume/83778 
856 4 0 |z Off-campus access  |u https://go.openathens.net/redirector/bracu.ac.bd?url=https%3A%2F%2Fasmedigitalcollection.asme.org%2FICONE%2FICONE2020%2Fvolume%2F83778